Die Affäre Dreyfus / (Titelsatznr. 10393)
[ MARC ]
| 000 -Satzkennung | |
|---|---|
| Kontrollfeld mit fester Länge | 00476nam a22001811c 4500 |
| 001 - Kontrollnummer | |
| Kontrollfeld | 414951867 |
| 008 - Feld mit fester Länge zur physischen Beschreibung - Allgemeine Angaben | |
| Kontrollfeld mit fester Länge | 060513s1963 gw |||| 000u ger d |
| 041 ## - Sprachcode | |
| Sprachcode des Textes/der Tonspur oder des separaten Titels | ger |
| 040 ## - Katalogisierungsquelle | |
| Übertragungsstelle | RU-10907106 |
| 003 - Kontrollnummer Identifier | |
| Kontrollfeld | RU-10907106 |
| 100 1# - Haupteintragung - Personenname | |
| Personenname | Thalheimer, Siegfried |
| Koha-Normdatenidentnummer | 14483 |
| 245 04 - Titel | |
| Titel | Die Affäre Dreyfus / |
| Verfasserangabe etc. | Dreyfus, Alfred |
| 264 ## - Produktion, Veröffentlichung, Distribution, Herstellung und Urheberrechtsvermerk | |
| Herstellungs-, Veröffentlichungs- Vertriebs-, Erzeugungsort | München : |
| Produzent, Herausgeber, Distributor, Hersteller | dtv, |
| Datum der Herstellung, der Veröffentlichung, des Vertriebs oder des Urheberschutzvermerks | 1963 |
| 300 ## - Physische Beschreibung | |
| Umfang | 327 S. 8" |
| 490 #0 - Gesamttitelangabe | |
| Gesamttitelangabe | (dtv[-Taschenbücher]. dtv-dokumente |
| Bandnummer/Folgebezeichnung | 112) |
| 520 ## - Fußnote zu Zusammenfassungen usw. | |
| Fußnote zur Zusammenfassung usw. | Enth. Bibliogr |
| 942 ## - Zusätzliche Felder (Koha) | |
| Koha-Medientyp | Monographien |
| Ausgeschieden | Verloren | Klassifikation oder Aufstellungssystematik | Beschädigt | Nicht entleihbar | Heimatbibliothek | Aufenthaltsbibliothek | Aufstellungsort | Erwerbungsdatum | Inventarnummer | Signatur | Barcode | Letzte Aktivität | Preis gültig von | Koha-Medientyp |
|---|---|---|---|---|---|---|---|---|---|---|---|---|---|---|
| Andere/Generische Klassifikation | MWN Osteuropa | MWN Osteuropa | Lesesaal - 1 | 13/05/2006 | 05-03947 | W 54 D ed Tha | E004015078F6BB70 | 22/02/2021 | 22/03/2021 | Monographien |